000 00724nam a22002417a 4500
003 UA-OsUOA
001 124599
007 ta
008 20170816b un ||||| |||| 00| 0 ukr d
100 _aСтарицька-Черняхівська Л.
090 _a821.161.2
_bС77
942 _cBK
040 _aUA-OsUOA
_bukr
_cUA-OsUOA
_dUA-OsUOA
245 _aВибрані твори
_bдраматичні твори; проза; поезія; мемуари
300 _a839 с.
955 _a3
041 _aukr
080 _a821.161.2
020 _a966-00-0602-0
260 _aК.
_bНаукова думка
_c2000
650 7 _a82 Література. Літературознавство
_2UDC
999 _c411727
_d411727